000
00264nam a22001217a 4500
008
170411b xxu||||| |||| 00| 0 eng d
041
_a
eng
080
_a
618
100
_a
10
101
_a
SHM
245
_a
ADVENTING MATERNITY
_c
GREENFIELD.S.C
942
_2
udc
_c
BK
999
_c
10371
_d
10371